书目信息 |
| 题名: |
电影表演探索
|
|
| 作者: | 白杨 著 | |
| 分册: | ||
| 出版信息: | 北京 中国电影出版社 1979 |
|
| 页数: | 83页 | |
| 开本: | 19cm | |
| 丛书名: | ||
| 单 册: | ||
| 中图分类: | J912 | |
| 科图分类: | ||
| 主题词: | 电影表演--经验--中国 | |
| 电子资源: | ||
| ISBN: | ||
| 000 | 00568nam0 2200217 45 | |
| 001 | 0179002821 | |
| 005 | 20060802144843.26 | |
| 010 | @dCNY0.50 | |
| 091 | @aCN@b8061.1348 | |
| 100 | @a19950801d1979 em y0chiy0121 ea | |
| 101 | 0 | @achi |
| 102 | @aCN@b110000 | |
| 105 | @af z 000yy | |
| 200 | 10 | @a电影表演探索@Adian ying biao yan tan suo@f白杨著 |
| 210 | @a北京@c中国电影出版社@d1979 | |
| 215 | @a83页@c照片@d19cm | |
| 606 | @a电影表演@x经验@y中国 | |
| 690 | @aJ912@v3 | |
| 701 | 0 | @a白杨@Abai yang@4著 |
| 801 | 0 | @aCN@bTSSF@c20060802 |
| 905 | @a10447@dJ912@e131 | |
| 电影表演探索/白杨著.-北京:中国电影出版社,1979 |
| 83页:照片;19cm |
| ISBN :CNY0.50 |
| ● |
| 相关链接 |
|
|
|
|
正题名:电影表演探索
索取号:J912/131
 
预约/预借
| 序号 | 登录号 | 条形码 | 馆藏地/架位号 | 状态 | 备注 |
| 1 | 0444265 | 204442656 | 密集书库/ [索取号:J912/131] | 在馆 | |
| 2 | 0467195 | 204671952 | 密集书库/ [索取号:J912/131] | 在馆 |